000 01120cam a22003377a 4500
003 CHAP
005 20220329134806.0
008 971013s1976 r 00010 d
010 _a25999
011 _a26971
035 _a31072
040 _cCHAP
090 _aFolleto 7878
110 _aInternational Organization for Standardization
_959760
245 0 _aDocumentation
_b: abstracts for publications and documentation
260 _a(s.l.) :
_bInternational Organization for Standarization,
_c1976
300 _a11 p
490 0 _aISO
_v; 214
590 _aBATCH-UPD
_b10
_c20130110
_lUCH01
_h1821
590 _aBATCH-UPD
_b10
_c20130410
_lUCH01
_h1155
590 _aBATCH-UPD
_b10
_c20130914
_lUCH01
_h1211
590 _aCONVERSION
_b10
_c20130109
_lUCH01
_h1315
650 1 4 _aDocumentación.
_933172
650 1 4 _aTrabajos científicos
_xResúmenes.
_9114563
830 0 _aISO
_v; 214
_960623
901 _aBK
942 _cFOLL
949 _aFolleto 7878
_bBC
_cB
_d-71968
_eB
_i31072
_mD
_si
949 _aFolleto 7878
_bBC
_cB
_d-71969
_eB
_fc.2
_i31072
_mD
_si
949 _aFolleto 7878
_bBC
_cB
_d-71970
_eB
_fc.3
_i31072
_mD
_si
999 _c25999
_d25999